000 00834nam a2200253Ia 4500
003 OSt
005 20220927111040.0
006 a|||||r|||| 00| 0
007 ta
008 220926b |||||||| |||| 00| 0 eng d
024 _a90309
037 _cReports
040 _aRTL
_cRTL
_beng
041 _2eng
_aeng
082 _a"X9(J):6.2.N44t, H5"
110 _a"Reserve Bank of India, Agricultural Finance (Sub Committee on-) (1914). Chairman : D R Gadgil"
_9381111
245 0 _aReport
260 _aBombay
_bReserve Bank of India India
_c1945
300 _a116p.
_ccm.
650 _aAgriculture Industry
700 _a"Reserve Bank of India, Agricultural Finance (Sub Committee on-) (1914). Chairman : D R Gadgil"
_9381112
942 _h"X9(J):6.2.N44t, H5"
_cCC
999 _c698503
_d698503